| 000 | 01246nam0a22002651 4500 | ||
|---|---|---|---|
| 001 | rc\3334766 | ||
| 005 | 20260406202908.0 | ||
| 021 |
_aRU _b[69-104477] |
||
| 035 | _a(NLR Aleph) 007514431 | ||
| 090 |
_a7705651 _c7705651 |
||
| 100 | _a20130115d1969 |||y0rusy50 ca | ||
| 101 | 0 | _arus | |
| 102 | _aRU | ||
| 105 | _ay z ||||| | ||
| 200 | 1 |
_aМатериалы Научной и научно-практической конференции врачей больницы совместно с сотрудниками базовых кафедр Института усовершенствования врачей. (Ноябрь 1969 г.) _fГор. клинич. больница № 15 г. Ташкента. Ташк. ин-т усовершенствования врачей |
|
| 210 |
_aТашкент _cБ. и. _d1969 |
||
| 215 |
_a237 с. _d21 |
||
| 606 |
_aКлиническая медицина _jСборники _2psbo |
||
| 710 | 0 | 2 |
_aТашкентская городская клиническая больница _bНаучная конференция _c15 _f1969 _9422165 _3RU\NLR\AUTH\889962935 |
| 801 | 0 |
_aRU _bNLR _gpsbo |
|
| 801 | 1 |
_aRU _bELAR _2rusmarc |
|
| 852 |
_aNLR _j69-3/9176 |
||
| 942 | _cBOOK | ||
| 980 | _aNB | ||